01615nam a2200433 i 450000100060000000300080000600500170001400600190003100700150005000800410006502000180010602000280012403500220015204000310017405000230020508000150022808200180024310000300026124501090029125000210040026400500042130000420047133600310051333700330054433800430057758800830062059001620070365000570086565000250092265000120094765000280095965000190098765100140100665500270102070000360104779700180108385600630110199900170116499155FINmELB20241217172821.0m o d | cr cnu||||||||190610s2018 mx o 000 0 spa d z9786076291887 a9786076292143q(e-book) a(OCoLC)1145078145 aFINmELBbspaerdacFINmELB 4aKGF4809bP944 2018 a336.24(72)0 a343.720562231 aPérez Chávez, José.10aLeyes aduanales y de comercio exterior :bacadémica /cJosé Pérez Chávez, Raymundo Fol Olguín. aSexta edición. 1aMéxico, D.F. :bTax Editores Unidos,c2018. a1 recurso en línea (2249 páginas) atextobtxt2rdacontent/spa acomputadorabc2rdamedia/spa arecurso en líneabcr2rdacarrier/spa aDescripción basada en metadatos suministrados por el editor y otras fuentes. aRecurso electrónico. Santa Fe, Arg.: elibro, 2020. Disponible vía World Wide Web. El acceso puede estar limitado para las bibliotecas afiliadas a elibro. 0aCustoms administrationxLaw and legislationzMexico. 0aInternational trade. 4aAduana. 4aComercio internacional. 4aLegislación. 4aMéxico. 4aLibros electrónicos.1 aFol Olguín, Raymundo,eautor.2 aelibro, Corp.40uhttps://elibro.net/ereader/politecnicointernacional/116680 c99155d99155